Connecting teachers, students, and standards : (Record no. 265733)
[ view plain ]
| 000 -LEADER | |
|---|---|
| fixed length control field | 01879cam a22004215a 4500 |
| 001 - CONTROL NUMBER | |
| control field | 16144183 |
| 003 - CONTROL NUMBER IDENTIFIER | |
| control field | OSt |
| 005 - DATE AND TIME OF LATEST TRANSACTION | |
| control field | 20260121125742.0 |
| 008 - FIXED-LENGTH DATA ELEMENTS--GENERAL INFORMATION | |
| fixed length control field | 100319s2010 vaua b 001 0 eng |
| 010 ## - LIBRARY OF CONGRESS CONTROL NUMBER | |
| LC control number | 2010010846 |
| 020 ## - INTERNATIONAL STANDARD BOOK NUMBER | |
| International Standard Book Number | 9781416610243 |
| 035 ## - SYSTEM CONTROL NUMBER | |
| System control number | 16144183 |
| 040 ## - CATALOGING SOURCE | |
| Original cataloging agency | DLC |
| Transcribing agency | DLC |
| 042 ## - AUTHENTICATION CODE | |
| Authentication code | pcc |
| 050 00 - LIBRARY OF CONGRESS CALL NUMBER | |
| Classification number | LC1201 |
| Item number | .V65 2010 |
| 100 1# - MAIN ENTRY--PERSONAL NAME | |
| Personal name | Voltz, Deborah L., |
| Dates associated with a name | 1961- |
| 245 10 - TITLE STATEMENT | |
| Title | Connecting teachers, students, and standards : |
| Remainder of title | strategies for success in diverse and inclusive classrooms / |
| Statement of responsibility, etc | Deborah L. Voltz, Michele Jean Sims, Betty Nelson. |
| 260 ## - PUBLICATION, DISTRIBUTION, ETC. (IMPRINT) | |
| Place of publication, distribution, etc | Alexandria, Va. : |
| Name of publisher, distributor, etc | ASCD, |
| Date of publication, distribution, etc | c2010. |
| 300 ## - PHYSICAL DESCRIPTION | |
| Extent | xxii, 159 p. : |
| Other physical details | ill. ; |
| Dimensions | 23 cm. |
| 336 ## - CONTENT TYPE | |
| Content type term | text |
| Content type code | txt |
| Source | rdacontent |
| 337 ## - MEDIA TYPE | |
| Media type term | unmediated |
| Media type code | n |
| Source | rdamedia |
| 338 ## - CARRIER TYPE | |
| Carrier type term | volume |
| Carrier type code | nc |
| Source | rdacarrier |
| 504 ## - BIBLIOGRAPHY, ETC. NOTE | |
| Bibliography, etc | Includes bibliographical references (p. 145-149) and index. |
| 505 0# - FORMATTED CONTENTS NOTE | |
| Formatted contents note | Gathering and using the best methods for instruction -- Supporting the classroom with materials for instruction -- Creating an environment for instruction -- Developing the content for instruction -- Bringing collaboration into the classroom for instruction -- Implementing assessment for instruction -- Putting it all together. |
| 650 #0 - SUBJECT ADDED ENTRY--TOPICAL TERM | |
| Topical term or geographic name as entry element | Inclusive education |
| Geographic subdivision | United States. |
| Topical term or geographic name as entry element | Classroom management |
| Geographic subdivision | United States. |
| Topical term or geographic name as entry element | Multicultural education |
| Geographic subdivision | United States. |
| Topical term or geographic name as entry element | Teaching |
| Geographic subdivision | United States. |
| Topical term or geographic name as entry element | Special education |
| Geographic subdivision | United States. |
| Topical term or geographic name as entry element | Children with disabilities |
| General subdivision | Education |
| Geographic subdivision | United States. |
| 700 1# - ADDED ENTRY--PERSONAL NAME | |
| Personal name | Sims, Michele Jean, |
| Dates associated with a name | 1952- |
| Personal name | Nelson, Betty Palmer. |
| 710 2# - ADDED ENTRY--CORPORATE NAME | |
| Corporate name or jurisdiction name as entry element | Association for Supervision and Curriculum Development. |
| 906 ## - LOCAL DATA ELEMENT F, LDF (RLIN) | |
| a | 7 |
| b | cbc |
| c | origcop |
| d | 2 |
| e | ncip |
| f | 20 |
| g | y-gencatlg |
| 942 ## - ADDED ENTRY ELEMENTS (KOHA) | |
| Source of classification or shelving scheme | Library of Congress Classification |
| Koha item type | Long Loan Books |
| Withdrawn status | Lost status | Source of classification or shelving scheme | Damaged status | Not for loan | Collection code | Home library | Current library | Shelving location | Date acquired | Source of acquisition | Total Checkouts | Full call number | Barcode | Date last seen | Price effective from | Koha item type |
|---|---|---|---|---|---|---|---|---|---|---|---|---|---|---|---|---|
| Library of Congress Classification | Non-fiction | Rongo University Library | Rongo University Library | General Stacks | 21/01/2026 | Books for Africa, Donation | LC1201 .V65 2010 | 20261079 | 21/01/2026 | 21/01/2026 | Long Loan Books |
